Los linderos de la ética /

Guardado en:
Detalles Bibliográficos
Autor principal: Villoro, Luis (coordinación)
Formato: Libro
Idioma:Español
Publicado: México : Siglo XXI : UNAM, Centro de Investigaciones Interdisciplinarias en Ciencias y Humanidades, 2005, c2005
Edición:3a edición
Colección:(Biblioteca Aprender a Aprender)
Temas:
Etiquetas: Agrega una etiqueta
Sin etiquetas, Sé el primero en etiquetar este registro!

MARC

LEADER 00000nam^a2200000^a^4500
001 000184472
005 20250521000000.0
009 20260310102116.06
020 |a 968-23-2284-7 
037 |a Acervo ITESO - Biblioteca 
041 |a ESP 
082 |a 170.  |b VIL 
100 |a Villoro, Luis  |e (coordinación) 
245 1 4 |a Los linderos de la ética /  |c Coord. de L. Villoro. 
250 |a 3a edición 
264 4 |a México :  |b Siglo XXI :  |b UNAM, Centro de Investigaciones Interdisciplinarias en Ciencias y Humanidades,  |c 2005, c2005 
300 |a X, 158 p. 
336 |a texto  |b txt  |2 rdacontenido 
337 |a sin mediación  |b n  |2 rdamedio 
338 |a volumen  |b nc  |2 rdasoporte 
440 1 |a (Biblioteca Aprender a Aprender) 
649 |a XX 
650 |a Economía -  |x Aspectos Eticos 
650 |a Ecología -  |x Aspectos Eticos 
650 |a Biología -  |x Aspectos Eticos 
650 |a Tecnología -  |x Aspectos Eticos 
650 |a Universalismo 
650 |a Relativismo 
650 |a Etica 
650 |a Filosofía 
910 |a Fondo General 
920 |a Impresos - Libros 
930 |a Colección General 
905 |a 101 
901 |a 0500125323  |b IT1  |c ACC  |u 20250521 
901 |a 0500125326  |b IT1  |c ACC  |u 20250521 
902 |a https://opac.biblio.iteso.mx/vufind/Record/000184472